Cost model for foundation in residential buildings cmfb / (رقم التسجيلة. 178629)

تفاصيل مارك
000 -LEADER
fixed length control field 01451namaa22003251i 4500
005 - أخر تعامل مع التسجيلة
control field 20260408131331.0
008 - FIXED-LENGTH DATA ELEMENTS--GENERAL INFORMATION
fixed length control field 260222s1994 ua a|||fr|m|| 000 0 eng d
040 ## - CATALOGING SOURCE
Original cataloguing agency EG-GICUC
Language of cataloging eng
Transcribing agency EG-GICUC
Modifying agency EG-GICUC
Description conventions rda
041 0# - LANGUAGE CODE
Language code of text/sound track or separate title eng
Language code of summary or abstract eng
-- ara
049 ## - Acquisition Source
Acquisition Source Deposit
097 ## - Degree
Degree M.Sc
099 ## - LOCAL FREE-TEXT CALL NUMBER (OCLC)
Local Call Number Cai01.13.05.M.Sc.1994.Om.C
100 0# - MAIN ENTRY--PERSONAL NAME
Authority record control number or standard number Omar Ahmed Elakkad ,
Preparation preparation.
245 10 - TITLE STATEMENT
Title Cost model for foundation in residential buildings cmfb /
Statement of responsibility, etc. By Omar Ahmed Elakkad ; Supervised By Prof.Dr. Mohamed El-Adawy Nasef, Dr. Moheeb El-Said Ibrahim, Dr. Mohamed Abdel-Lateaf Bakry
246 15 - VARYING FORM OF TITLE
Title proper/short title نموذج تكلفة للأساسات في العمارات السكنية
264 #0 - PRODUCTION, PUBLICATION, DISTRIBUTION, MANUFACTURE, AND COPYRIGHT NOTICE
Date of production, publication, distribution, manufacture, or copyright notice 1994.
300 ## - PHYSICAL DESCRIPTION
Extent 152 Pages :
Other physical details illustrations ;
Dimensions 25 cm. +
336 ## - CONTENT TYPE
Source rda content
Content type term text
337 ## - MEDIA TYPE
Source rdamedia
Media type term Unmediated
338 ## - CARRIER TYPE
Source rdacarrier
Carrier type term volume
502 ## - DISSERTATION NOTE
Dissertation note Thesis (M.Sc.) -Cairo University, 1994
504 ## - BIBLIOGRAPHY, ETC. NOTE
Bibliography, etc. note Bibliography: pages 148 : 152
653 #0 - INDEX TERM--UNCONTROLLED
Uncontrolled term Cost model for foundation in residential
-- buildings cmfb
700 0# - ADDED ENTRY--PERSONAL NAME
Personal name Mohamed El-Adawy Nasef
Relator term thesis advisor.
700 0# - ADDED ENTRY--PERSONAL NAME
Personal name Moheeb El-Said Ibrahim
Relator term thesis advisor.
700 0# - ADDED ENTRY--PERSONAL NAME
Personal name Mohamed Abdel-Lateaf Bakry
Relator term thesis advisor.
900 ## - Thesis Information
Department Department of Civil
Faculties Faculty of Engineering
Universities Cairo University
Grant date 1994
Supervisory body Mohamed El-Adawy Nasef
-- Moheeb El-Said Ibrahim
-- Mohamed Abdel-Lateaf Bakry
Discussion body Mohamed El-Adawy Nasef
905 ## - Cataloger and Reviser Names
Cataloger Name Nagat Ghanem
Reviser Names Nourhan
942 ## - ADDED ENTRY ELEMENTS (KOHA)
Source of classification or shelving scheme Dewey Decimal Classification
Koha item type Thesis
Edition 21
Suppress in OPAC No
المقتنيات
Source of classification or shelving scheme Home library Current library Date acquired Inventory number Full call number Barcode Date last seen Effective from Koha item type
Dewey Decimal Classification المكتبة المركزبة الجديدة - جامعة القاهرة مكتبة المئوية 22.02.2026 24671 Cai01.13.05.M.Sc.1994.Om.C 01010110024671000 22.02.2026 22.02.2026 Thesis
Cairo University Libraries Portal Implemented & Customized by: Eng. M. Mohamady Contacts: new-lib@cl.cu.edu.eg | cnul@cl.cu.edu.eg
CUCL logo CNUL logo
© All rights reserved — Cairo University Libraries
CUCL logo
Implemented & Customized by: Eng. M. Mohamady Contact: new-lib@cl.cu.edu.eg © All rights reserved — New Central Library
CNUL logo
Implemented & Customized by: Eng. M. Mohamady Contact: cnul@cl.cu.edu.eg © All rights reserved — Cairo National University Library